Les 22 chanteurs de We are the world - USA for Africa - Statistiques

Statistiques générales
  • Ce quiz a été pris 183 fois
  • Le résultat moyen est 8 sur 22
Statistiques - réponses
Réponse % Correct
Michael Jackson
99%
Lionel Richie
68%
Stevie Wonder
68%
Cyndi Lauper
66%
Bruce Springsteen
64%
Ray Charles
57%
Tina Turner
43%
Bob Dylan
42%
Diana Ross
41%
Paul Simon
28%
Kenny Rogers
24%
Kim Carnes
21%
Al Jarreau
20%
Billy Joel
20%
Huey Lewis
20%
Willie Nelson
20%
Steve Perry
18%
Dionne Warwick
16%
Kenny Loggins
16%
Daryl Hall
14%
James Ingram
13%
Michael McDonald
1%
Aucun quiz correspondant
Distribution des résultats
% des personnes avec chaque résultat
Percentile par nombre de réponses
Votre historique - résultats
Vous n’avez pas pris ce quiz